000 00898nam a2200241Ia 4500
001 1228
003 GE_BSU
008 181216s||||||||xx |||||||||||||| ||und||
020 _a9789941171413
040 _cGE_BSU
080 _a630.111
100 _aმელაძე, მაია
245 _aსატყეო მეტეოროლოგია და კლიმატოლოგია.
245 _bსახელმძღვანელო უმაღ.სასწ. სტუდენტებისათვის.
245 _cრედ.გიორგი გაგოშიძე
260 _aთბილისი
260 _bუნივერსალი
260 _c2011
300 _a220 გვ. 2ო სმ.
541 _h8 ლ.
653 _aსატყეო მეტეოროლოგია და კლიმატოლოგია
942 _cBK
999 _c35375
_d35375